日本の市町村1999 #6(関西) - Statistics

General Stats
  • This quiz has been taken 106 times
  • The average score is 181 of 326
Answer Stats
都道府県 所属郡名 市町村名 % Correct
滋賀県 大津市
93%
滋賀県 長浜市
87%
滋賀県 彦根市
84%
滋賀県 草津市
84%
滋賀県 守山市
82%
滋賀県 近江八幡市
82%
京都府 京都市
80%
京都府 宇治市
80%
兵庫県 神戸市
80%
奈良県 奈良市
80%
滋賀県 野洲郡 野洲町
78%
滋賀県 甲賀郡 甲賀町
78%
滋賀県 高島郡 高島町
78%
兵庫県 姫路市
78%
兵庫県 龍野市
78%
和歌山県 和歌山市
78%
滋賀県 栗太郡 栗東町
76%
滋賀県 愛知郡 愛知川町
76%
滋賀県 高島郡 マキノ町
76%
滋賀県 坂田郡 米原町
76%
大阪府 大阪市
76%
兵庫県 三田市
76%
兵庫県 相生市
76%
和歌山県 新宮市
76%
滋賀県 八日市市
73%
京都府 舞鶴市
73%
京都府 福知山市
73%
京都府 向日市
73%
京都府 宮津市
73%
大阪府 東大阪市
73%
大阪府 吹田市
73%
兵庫県 尼崎市
73%
兵庫県 明石市
73%
兵庫県 伊丹市
73%
兵庫県 豊岡市
73%
兵庫県 赤穂市
73%
兵庫県 加古郡 播磨町
73%
兵庫県 佐用郡 佐用町
73%
奈良県 橿原市
73%
奈良県 大和郡山市
73%
和歌山県 有田市
73%
滋賀県 甲賀郡 信楽町
71%
京都府 八幡市
71%
京都府 綾部市
71%
大阪府 堺市
71%
大阪府 豊中市
71%
大阪府 和泉市
71%
兵庫県 西宮市
71%
兵庫県 加古川市
71%
兵庫県 宝塚市
71%
兵庫県 芦屋市
71%
兵庫県 高砂市
71%
兵庫県 三木市
71%
兵庫県 洲本市
71%
兵庫県 氷上郡 氷上町
71%
兵庫県 神崎郡 福崎町
71%
兵庫県 城崎郡 城崎町
71%
兵庫県 美方郡 温泉町
71%
奈良県 生駒市
71%
奈良県 吉野郡 吉野町
71%
和歌山県 橋本市
71%
和歌山県 海南市
71%
京都府 長岡京市
69%
京都府 乙訓郡 大山崎町
69%
京都府 久世郡 久御山町
69%
京都府 相楽郡 木津町
69%
大阪府 茨木市
69%
大阪府 寝屋川市
69%
大阪府 池田市
69%
大阪府 泉大津市
69%
大阪府 泉南市
69%
大阪府 阪南市
69%
大阪府 南河内郡 太子町
69%
兵庫県 川西市
69%
兵庫県 小野市
69%
兵庫県 揖保郡 太子町
69%
奈良県 天理市
69%
和歌山県 御坊市
69%
滋賀県 蒲生郡 日野町
67%
滋賀県 蒲生郡 竜王町
67%
滋賀県 犬上郡 豊郷町
67%
滋賀県 犬上郡 多賀町
67%
京都府 城陽市
67%
京都府 綴喜郡 宇治田原町
67%
京都府 相楽郡 南山城村
67%
京都府 船井郡 園部町
67%
大阪府 枚方市
67%
大阪府 高槻市
67%
大阪府 八尾市
67%
大阪府 岸和田市
67%
大阪府 富田林市
67%
大阪府 河内長野市
67%
大阪府 交野市
67%
大阪府 羽曳野市
67%
大阪府 藤井寺市
67%
大阪府 高石市
67%
大阪府 泉佐野市
67%
大阪府 大阪狭山市
67%
大阪府 豊能郡 豊能町
67%
大阪府 泉南郡 熊取町
67%
大阪府 泉南郡 岬町
67%
兵庫県 西脇市
67%
兵庫県 加西市
67%
兵庫県 赤穂郡 上郡町
67%
奈良県 大和高田市
67%
奈良県 五條市
67%
奈良県 吉野郡 十津川村
67%
和歌山県 田辺市
67%
和歌山県 伊都郡 高野町
67%
和歌山県 西牟婁郡 串本町
67%
滋賀県 蒲生郡 蒲生町
64%
滋賀県 神崎郡 能登川町
64%
京都府 亀岡市
64%
京都府 相楽郡 精華町
64%
大阪府 守口市
64%
大阪府 四條畷市
64%
大阪府 松原市
64%
大阪府 摂津市
64%
大阪府 南河内郡 千早赤阪村
64%
大阪府 泉南郡 田尻町
64%
兵庫県 川辺郡 猪名川町
64%
兵庫県 多紀郡 篠山町
64%
兵庫県 朝来郡 朝来町
64%
兵庫県 養父郡 養父町
64%
兵庫県 城崎郡 日高町
64%
兵庫県 城崎郡 竹野町
64%
兵庫県 津名郡 津名町
64%
兵庫県 三原郡 三原町
64%
奈良県 桜井市
64%
奈良県 生駒郡 斑鳩町
64%
奈良県 磯城郡 田原本町
64%
奈良県 吉野郡 上北山村
64%
奈良県 吉野郡 下北山村
64%
奈良県 吉野郡 野迫川村
64%
和歌山県 日高郡 日高町
64%
和歌山県 東牟婁郡 那智勝浦町
64%
和歌山県 東牟婁郡 太地町
64%
和歌山県 東牟婁郡 北山村
64%
滋賀県 高島郡 安曇川町
62%
滋賀県 東浅井郡 虎姫町
62%
滋賀県 伊香郡 余呉町
62%
京都府 京田辺市
62%
京都府 相楽郡 笠置町
62%
大阪府 箕面市
62%
大阪府 大東市
62%
大阪府 貝塚市
62%
大阪府 柏原市
62%
大阪府 豊能郡 能勢町
62%
大阪府 南河内郡 河南町
62%
兵庫県 朝来郡 和田山町
62%
兵庫県 城崎郡 香住町
62%
奈良県 香芝市
62%
奈良県 吉野郡 東吉野村
62%
和歌山県 西牟婁郡 白浜町
62%
滋賀県 滋賀郡 志賀町
60%
滋賀県 蒲生郡 安土町
60%
滋賀県 高島郡 朽木村
60%
滋賀県 東浅井郡 浅井町
60%
京都府 相楽郡 和束町
60%
京都府 与謝郡 伊根町
60%
大阪府 門真市
60%
大阪府 三島郡 島本町
60%
大阪府 南河内郡 美原町
60%
大阪府 泉北郡 忠岡町
60%
兵庫県 津名郡 北淡町
60%
奈良県 山辺郡 山添村
60%
奈良県 北葛城郡 王寺町
60%
奈良県 吉野郡 天川村
60%
和歌山県 那賀郡 岩出町
60%
滋賀県 犬上郡 甲良町
58%
滋賀県 高島郡 今津町
58%
滋賀県 伊香郡 木之本町
58%
京都府 船井郡 丹波町
58%
兵庫県 加古郡 稲美町
58%
兵庫県 加東郡 社町
58%
兵庫県 神崎郡 神崎町
58%
兵庫県 飾磨郡 夢前町
58%
兵庫県 出石郡 出石町
58%
奈良県 御所市
58%
奈良県 吉野郡 下市町
58%
和歌山県 伊都郡 かつらぎ町
58%
和歌山県 伊都郡 九度山町
58%
滋賀県 甲賀郡 水口町
56%
滋賀県 高島郡 新旭町
56%
滋賀県 伊香郡 西浅井町
56%
京都府 綴喜郡 井手町
56%
兵庫県 神崎郡 市川町
56%
兵庫県 養父郡 八鹿町
56%
兵庫県 三原郡 南淡町
56%
奈良県 磯城郡 川西町
56%
奈良県 高市郡 明日香村
56%
滋賀県 愛知郡 秦荘町
53%
滋賀県 伊香郡 高月町
53%
京都府 北桑田郡 京北町
53%
兵庫県 揖保郡 揖保川町
53%
兵庫県 美方郡 浜坂町
53%
奈良県 生駒郡 三郷町
53%
奈良県 生駒郡 安堵町
53%
奈良県 北葛城郡 河合町
53%
奈良県 高市郡 高取町
53%
奈良県 宇陀郡 御杖村
53%
奈良県 吉野郡 黒滝村
53%
和歌山県 有田郡 湯浅町
53%
和歌山県 日高郡 南部町
53%
和歌山県 日高郡 由良町
53%
和歌山県 西牟婁郡 上富田町
53%
和歌山県 西牟婁郡 すさみ町
53%
滋賀県 甲賀郡 土山町
51%
兵庫県 宍粟郡 山崎町
51%
兵庫県 美方郡 美方町
51%
奈良県 宇陀郡 榛原町
51%
奈良県 宇陀郡 曽爾村
51%
奈良県 吉野郡 川上村
51%
和歌山県 日高郡 龍神村
51%
和歌山県 東牟婁郡 古座川町
51%
京都府 北桑田郡 美山町
49%
京都府 熊野郡 久美浜町
49%
兵庫県 津名郡 淡路町
49%
奈良県 生駒郡 平群町
49%
奈良県 宇陀郡 大宇陀町
49%
奈良県 吉野郡 大淀町
49%
奈良県 吉野郡 大塔村
49%
和歌山県 日高郡 印南町
49%
和歌山県 西牟婁郡 大塔村
49%
滋賀県 甲賀郡 甲南町
47%
滋賀県 甲賀郡 甲西町
47%
滋賀県 甲賀郡 石部町
47%
滋賀県 坂田郡 伊吹町
47%
滋賀県 東浅井郡 びわ町
47%
京都府 相楽郡 加茂町
47%
兵庫県 氷上郡 柏原町
47%
兵庫県 揖保郡 新宮町
47%
和歌山県 日高郡 美浜町
47%
滋賀県 坂田郡 山東町
44%
京都府 竹野郡 網野町
44%
兵庫県 飾磨郡 家島町
44%
兵庫県 朝来郡 山東町
44%
兵庫県 朝来郡 生野町
44%
奈良県 添上郡 月ヶ瀬村
44%
奈良県 磯城郡 三宅町
44%
奈良県 北葛城郡 広陵町
44%
和歌山県 那賀郡 粉河町
44%
和歌山県 那賀郡 那賀町
44%
和歌山県 伊都郡 高野口町
44%
京都府 与謝郡 加悦町
42%
京都府 中郡 峰山町
42%
兵庫県 加東郡 東条町
42%
兵庫県 多可郡 黒田庄町
42%
兵庫県 宍粟郡 一宮町
42%
兵庫県 佐用郡 上月町
42%
兵庫県 津名郡 一宮町
42%
兵庫県 三原郡 緑町
42%
兵庫県 三原郡 西淡町
42%
奈良県 吉野郡 西吉野村
42%
和歌山県 有田郡 広川町
42%
滋賀県 野洲郡 中主町
40%
滋賀県 神崎郡 五個荘町
40%
滋賀県 坂田郡 近江町
40%
京都府 船井郡 和知町
40%
京都府 天田郡 夜久野町
40%
京都府 中郡 大宮町
40%
兵庫県 揖保郡 御津町
40%
兵庫県 佐用郡 三日月町
40%
兵庫県 出石郡 但東町
40%
奈良県 北葛城郡 新庄町
40%
和歌山県 那賀郡 貴志川町
40%
京都府 相楽郡 山城町
38%
京都府 船井郡 八木町
38%
京都府 船井郡 日吉町
38%
京都府 竹野郡 丹後町
38%
兵庫県 美嚢郡 吉川町
38%
兵庫県 加東郡 滝野町
38%
兵庫県 多可郡 中町
38%
兵庫県 氷上郡 青垣町
38%
兵庫県 美方郡 村岡町
38%
兵庫県 津名郡 五色町
38%
奈良県 山辺郡 都祁村
38%
和歌山県 東牟婁郡 古座町
38%
滋賀県 東浅井郡 湖北町
36%
兵庫県 津名郡 東浦町
36%
奈良県 北葛城郡 當麻町
36%
奈良県 宇陀郡 室生村
36%
和歌山県 那賀郡 打田町
36%
和歌山県 東牟婁郡 熊野川町
36%
和歌山県 東牟婁郡 本宮町
36%
滋賀県 神崎郡 永源寺町
33%
滋賀県 愛知郡 湖東町
33%
兵庫県 多紀郡 西紀町
33%
兵庫県 氷上郡 春日町
33%
奈良県 北葛城郡 上牧町
33%
和歌山県 海草郡 下津町
33%
京都府 加佐郡 大江町
31%
兵庫県 多可郡 加美町
31%
京都府 船井郡 瑞穂町
29%
京都府 与謝郡 岩滝町
29%
兵庫県 氷上郡 市島町
29%
兵庫県 神崎郡 大河内町
29%
兵庫県 宍粟郡 波賀町
29%
和歌山県 海草郡 野上町
29%
和歌山県 日高郡 川辺町
29%
和歌山県 西牟婁郡 日置川町
29%
兵庫県 神崎郡 香寺町
27%
兵庫県 宍粟郡 千種町
27%
兵庫県 佐用郡 南光町
27%
兵庫県 養父郡 大屋町
27%
兵庫県 多可郡 八千代町
24%
兵庫県 多紀郡 今田町
24%
兵庫県 氷上郡 山南町
24%
奈良県 宇陀郡 菟田野町
24%
和歌山県 海草郡 美里町
24%
和歌山県 那賀郡 桃山町
24%
和歌山県 伊都郡 花園村
24%
京都府 与謝郡 野田川町
22%
兵庫県 養父郡 関宮町
22%
和歌山県 西牟婁郡 中辺路町
22%
滋賀県 愛知郡 愛東町
20%
京都府 天田郡 三和町
20%
兵庫県 多紀郡 丹南町
20%
兵庫県 宍粟郡 安富町
20%
和歌山県 日高郡 南部川村
20%
和歌山県 有田郡 吉備町
18%
和歌山県 有田郡 清水町
18%
京都府 竹野郡 弥栄町
16%
和歌山県 有田郡 金屋町
16%
和歌山県 日高郡 中津村
16%
和歌山県 日高郡 美山村
13%
No matching quizzes found
Score Distribution
Percent of People with Each Score
Percentile by Number Answered
Your Score History
You have not taken this quiz